Милитарная метафора в текстах русских историков (к вопросу о моделирующей функции метафоры); Прикладная филология: идеи, концепции, проекты; Ч. 2

Xehetasun bibliografikoak
Parent link:Прикладная филология: идеи, концепции, проекты: сборник статей VI Международной научно-практической конференции/ Томский политехнический университет (ТПУ), Институт международного образования и языковой коммуникации (ИМОиЯК).— , 2008
Ч. 2.— 2008.— С. 224-229
Egile nagusia: Ручина У. В. Ульяна Викторовна
Beste egile batzuk: Резанова З. И. (научный руководитель)
Hizkuntza:errusiera
Argitaratua: 2008
Gaiak:
Formatua: Liburu kapitulua
KOHA link:https://koha.lib.tpu.ru/cgi-bin/koha/opac-detail.pl?biblionumber=164834

MARC

LEADER 00000naa2a2200000 4500
001 164834
005 20231220110104.0
035 |a (RuTPU)RU\TPU\book\178829 
090 |a 164834 
100 |a 20090910d2008 k y0rusy50 ca 
101 0 |a rus 
102 |a RU 
200 1 |a Милитарная метафора в текстах русских историков (к вопросу о моделирующей функции метафоры)  |f У. В. Ручина  |g науч. рук. З. И. Резанова 
320 |a Библиогр.: 7 назв. 
461 1 |0 (RuTPU)RU\TPU\book\166053  |t Прикладная филология: идеи, концепции, проекты  |o сборник статей VI Международной научно-практической конференции  |f Томский политехнический университет (ТПУ), Институт международного образования и языковой коммуникации (ИМОиЯК)  |d 2008 
463 0 |0 (RuTPU)RU\TPU\book\165023  |t Ч. 2  |v С. 224-229  |d 2008  |p 280 с. 
610 1 |a русские историки 
610 1 |a тексты 
610 1 |a милитарная метафора 
610 1 |a метафоры 
610 1 |a моделирование 
610 1 |a труды учёных ТПУ 
700 1 |a Ручина  |b У. В.  |c лингвист  |c старший преподаватель Томского политехнического университета  |f 1982-  |g Ульяна Викторовна  |3 (RuTPU)RU\TPU\pers\26686  |9 12344 
702 1 |a Резанова  |b З. И.  |4 727 
801 1 |a RU  |b 63413507  |c 20090910 
801 2 |a RU  |b 63413507  |c 20150902  |g RCR 
942 |c BK